000 00490nam a2200181Ia 4500
008 191130s2007##################000#0#eng##
020 _a9781847390325
040 _aACL
_cACL
082 _a823.914 STR
100 _aStrong, Terence
245 _aDeadwater deep
_cTerence Strong
260 _aNew York
_bPocket Books
_c2007
300 _a549 p
650 _aEspionage, American -- China -- Fiction
990 _a2c11d382ac10000c77879bde76257cd4
991 _a401596
999 _c145519
_d145519